000
00226nam a22000857a 4500
008
161128b xxu||||| |||| 00| 0 eng d
100
_9
1503
_a
Mohindroo.K.K.etal.
245
_a
Empowering Science-IX
260
_a
New Delhi
_b
P.P.C.
_c
2011
999
_c
4230
_d
4230